[Event "SRB-chT2 Vojvodina"]
[Site "Palic"]
[Date "2024.11.01"]
[Round "5.6"]
[White "Milanovic, Stanko"]
[Black "Djacanin, Goran"]
[Result "1/2-1/2"]
[WhiteElo "2097"]
[BlackElo "2147"]
[PlyCount "41"]
[EventDate "2024.10.29"]
[EventType "team-tourn"]
[EventRounds "11"]
[EventCountry "SRB"]
[SourceTitle "CB45_2024"]
[Source "ChessBase"]
[SourceDate "2024.11.06"]
[SourceVersion "1"]
[SourceVersionDate "2024.11.06"]
[SourceQuality "1"]
[WhiteTeam "Krajisnik Krajina"]
[BlackTeam "Novi Sad Vojvodina"]
[WhiteTeamCountry "SRB"]
[BlackTeamCountry "SRB"]

1. e4 c5 2. Nf3 Nc6 3. c3 g6 4. d4 cxd4 5. cxd4 Bg7 6. Bc4 d6 7. Nc3 Nf6 8. Bb3 0-0 9. h3 b5 10. a3 Ba6 11. e5 Ne8 12. e6 f5 13. Nd5 Na5 14. Ba2 Bb7 15. Ng5 Bxd5 16. Bxd5 Rc8 17. Nf7 Qb6 18. Nh6+ Kh8 19. Nf7+ Kg8 20. Nh6+ Kh8 21. Nf7+ 1/2-1/2

[Event "SRB-chT 2nd League"]
[Site "Vrnjacka Banja"]
[Date "2022.11.04"]
[Round "1.3"]
[White "Zolotic, Zoran"]
[Black "Milanovic, Stanko"]
[Result "1-0"]
[WhiteElo "2245"]
[BlackElo "2140"]
[PlyCount "127"]
[EventDate "2022.11.04"]
[EventType "team-tourn"]
[EventRounds "11"]
[EventCountry "SRB"]
[SourceTitle "CBM 211 Extra"]
[Source "ChessBase"]
[SourceDate "2023.01.31"]
[SourceVersion "1"]
[SourceVersionDate "2023.01.31"]
[SourceQuality "1"]
[WhiteTeam "Mladenovo"]
[BlackTeam "Krajisnik Krajina"]
[WhiteTeamCountry "SRB"]
[BlackTeamCountry "SRB"]

1. Nf3 Nf6 2. c4 c5 3. g3 g6 4. Bg2 Bg7 5. 0-0 Nc6 6. d4 cxd4 7. Nxd4 0-0 8. Nc3 Nxd4 9. Qxd4 d6 10. Qd2 Rb8 11. b3 a6 12. Bb2 Qa5 13. e4 b5 14. cxb5 axb5 15. Rfe1 b4 16. Nd1 Qh5 17. f3 Bh6 18. Qd4 Qc5 19. Nf2 Qxd4 20. Bxd4 Nd7 21. Nd3 Ba6 22. Nf2 Bg7 23. Rad1 Rfd8 24. Bf1 Bxf1 25. Kxf1 Rb5 26. Bxg7 Kxg7 27. Rc1 Rc5 28. Nd3 Rb5 29. Rc7 Kf8 30. Rd1 Ke8 31. Nf4 Nf6 32. Nd3 Ra8 33. Rd2 Nd7 34. Rdc2 Kd8 35. R7c4 Rab8 36. f4 f5 37. Re2 Nf6 38. exf5 gxf5 39. Nb2 h5 40. Kg2 Nd5 41. Na4 Kd7 42. Kh3 Nf6 43. Rec2 Nd5 44. Rd2 e6 45. Kh4 Ne3 46. Rc1 Nd5 47. Nb2 Rg8 48. Nc4 Rg4+ 49. Kh3 h4 50. Re1 hxg3 51. hxg3 Nxf4+ 52. Kh2 Rb8 53. Ne5+ Ke7 54. Nxg4 Rh8+ 55. Kg1 Nh3+ 56. Kg2 fxg4 57. Re4 Ng5 58. Rxg4 Rh5 59. Rxb4 d5 60. a4 Rh8 61. a5 Ra8 62. Ra2 Nf7 63. a6 Nd6 64. a7 1-0

[Event "Vojvodina-chT 21st"]
[Site "Backa Palanka"]
[Date "2021.10.29"]
[Round "10.4"]
[White "Milanovic, Stanko"]
[Black "Dvornic, Mladen"]
[Result "1/2-1/2"]
[WhiteElo "2166"]
[BlackElo "2282"]
[PlyCount "113"]
[EventDate "2021.10.23"]
[EventType "team-tourn"]
[EventRounds "11"]
[EventCountry "SRB"]
[SourceTitle "CBM 204 Extra"]
[Source "ChessBase"]
[SourceDate "2021.11.30"]
[SourceVersion "1"]
[SourceVersionDate "2021.11.30"]
[SourceQuality "1"]
[WhiteTeam "Krajisnik Krajina"]
[BlackTeam "Petrovaradin Kraljica"]
[WhiteTeamCountry "SRB"]
[BlackTeamCountry "SRB"]

1. e4 c5 2. Nf3 d6 3. c3 Nf6 4. h3 Nc6 5. d4 cxd4 6. cxd4 d5 7. exd5 Nxd5 8. Nc3 e6 9. Bc4 Nxc3 10. bxc3 Be7 11. 0-0 0-0 12. Re1 b6 13. Qe2 Bb7 14. Bd2 Bf6 15. Rad1 Rc8 16. Bd3 g6 17. Be4 Na5 18. Bxb7 Nxb7 19. Ne5 Nd6 20. Bh6 Re8 21. Qf3 Nf5 22. Ng4 Bg7 23. Bxg7 Kxg7 24. d5 exd5 25. Rxe8 Qxe8 26. Qxd5 Rxc3 27. Qd2 Rc6 28. Qb2+ f6 29. Nxf6 Rxf6 30. g4 Kf7 31. Qb3+ Qe6 32. gxf5 Qxb3 33. axb3 Rxf5 34. Rd7+ Ke6 35. Rxa7 h5 36. Rc7 Rc5 37. Rg7 Kf5 38. Rd7 Ke6 39. Rg7 Rg5+ 40. Kf1 Kd5 41. Rc7 Re5 42. Rc3 g5 43. Kg2 Kd4 44. Rc4+ Kd3 45. f4 gxf4 46. Rxf4 Rb5 47. b4 Kc3 48. Rh4 Rxb4 49. Rxh5 Rb2+ 50. Kg3 b5 51. h4 b4 52. Rb5 Rd2 53. h5 Rd6 54. Kg4 b3 55. Kg5 b2 56. Rxb2 Kxb2 57. h6 1/2-1/2

[Event "Vojvodina-chT 21st"]
[Site "Backa Palanka"]
[Date "2021.10.23"]
[Round "1.3"]
[White "Jesenski, Tibor"]
[Black "Milanovic, Stanko"]
[Result "1-0"]
[WhiteElo "2336"]
[BlackElo "2166"]
[PlyCount "113"]
[EventDate "2021.10.23"]
[EventType "team-tourn"]
[EventRounds "11"]
[EventCountry "SRB"]
[SourceTitle "CBM 204 Extra"]
[Source "ChessBase"]
[SourceDate "2021.11.30"]
[SourceVersion "1"]
[SourceVersionDate "2021.11.30"]
[SourceQuality "1"]
[WhiteTeam "Backa Pacir"]
[BlackTeam "Krajisnik Krajina"]
[WhiteTeamCountry "SRB"]
[BlackTeamCountry "SRB"]

1. d4 Nf6 2. Nf3 g6 3. g3 Bg7 4. Bg2 0-0 5. 0-0 d6 6. c4 c6 7. Nc3 Qa5 8. e4 Qh5 9. e5 Ne8 10. exd6 Nxd6 11. c5 Ne8 12. Re1 Be6 13. Bf4 Bf6 14. Ne5 Qxd1 15. Raxd1 g5 16. Bc1 Nc7 17. Ne4 Bxe5 18. dxe5 Bxa2 19. Bxg5 Re8 20. f4 Be6 21. g4 Bxg4 22. Bxe7 Rxe7 23. Nf6+ Kg7 24. Nxg4 Rd7 25. Nf6 Rxd1 26. Rxd1 Nba6 27. Rd3 Nxc5 28. Rg3+ Kf8 29. f5 Ke7 30. Bh3 Rh8 31. b4 Nd7 32. Nxd7 Kxd7 33. Rg7 Ke7 34. Kf2 Nd5 35. Kf3 Nxb4 36. f6+ Ke8 37. e6 Rf8 38. e7 Rh8 39. Ke4 Nd5 40. Ke5 Nxe7 41. fxe7 Kxe7 42. Be6 Rf8 43. Rxh7 a5 44. Ba2 b5 45. Rh6 c5 46. Rb6 f6+ 47. Kd5 Rd8+ 48. Kxc5 Rd2 49. Rb7+ Kf8 50. Bd5 Rxh2 51. Kd6 Re2 52. Rf7+ Ke8 53. Rg7 Kd8 54. Ra7 Rc2 55. Ra8+ Rc8 56. Rxa5 b4 57. Bc6 1-0

[Event "Vojvodina-chT 2nd League"]
[Site "Backa Palanka"]
[Date "2020.10.19"]
[Round "5.3"]
[White "Milanovic, Stanko"]
[Black "Simonyi, Zoltan"]
[Result "1-0"]
[WhiteElo "2151"]
[BlackElo "2149"]
[PlyCount "65"]
[EventDate "2020.10.16"]
[EventType "team-tourn"]
[EventRounds "11"]
[EventCountry "SRB"]
[SourceTitle "EXT 2022"]
[Source "ChessBase"]
[SourceDate "2021.10.06"]
[SourceVersion "1"]
[SourceVersionDate "2021.10.06"]
[SourceQuality "1"]
[WhiteTeam "Krajisnik Krajina"]
[BlackTeam "Senta"]
[WhiteTeamCountry "SRB"]
[BlackTeamCountry "SRB"]

1. e4 c5 2. Nf3 d6 3. c3 Nf6 4. h3 Nc6 5. d4 g6 6. Bc4 Bg7 7. Qe2 e5 8. dxe5 dxe5 9. 0-0 0-0 10. Rd1 Qc7 11. Nbd2 b6 12. Nf1 Na5 13. Bg5 Nxc4 14. Qxc4 Be6 15. Qe2 Rad8 16. Bxf6 Bxf6 17. c4 Qc6 18. Qc2 Bg7 19. Ne3 Qc7 20. Nd5 Bxd5 21. Rxd5 Rxd5 22. cxd5 Re8 23. Qc4 Bf8 24. a4 Qd7 25. Qb5 Qd8 26. a5 Bd6 27. axb6 axb6 28. Ra6 Bc7 29. Qc6 Rf8 30. Ra7 Bb8 31. Rb7 f5 32. Qe6+ Kh8 33. Nxe5 1-0

[Event "Vojvodina-chT"]
[Site "Kovacica"]
[Date "2019.11.03"]
[Round "3.2"]
[White "Milanovic, Stanko"]
[Black "Desnica, Vladan"]
[Result "1-0"]
[WhiteElo "2143"]
[BlackElo "2323"]
[PlyCount "67"]
[EventDate "2019.11.01"]
[EventType "team-tourn"]
[EventRounds "11"]
[EventCountry "SRB"]
[SourceTitle "CBM 192 Extra"]
[Source "Chessbase"]
[SourceDate "2019.11.06"]
[SourceVersion "1"]
[SourceVersionDate "2019.11.06"]
[SourceQuality "1"]
[WhiteTeam "Banatsko Novo Selo"]
[BlackTeam "Petrovaradin Kraljica"]
[WhiteTeamCountry "SRB"]
[BlackTeamCountry "SRB"]

1. e4 e5 2. d4 exd4 3. Qxd4 Nc6 4. Qe3 Nf6 5. Nc3 Bb4 6. Bd2 0-0 7. 0-0-0 Re8 8. Qg3 Nxe4 9. Nxe4 Rxe4 10. Bf4 d5 11. Bd3 Re8 12. Bxc7 Qf6 13. Nf3 h6 14. Kb1 Bd7 15. Bf4 Bc5 16. Rd2 Rac8 17. h4 Qe6 18. Ng5 Qe1+ 19. Rd1 Qxf2 20. Qh2 Bg4 21. Rdf1 Qd4 22. Bd2 Qe5 23. Bh7+ Kh8 24. Nxf7+ Kxh7 25. Nxe5 Rxe5 26. Qf4 h5 27. Qf7 Re2 28. Bg5 Bd4 29. c3 Ne5 30. Qxd5 Bb6 31. Re1 Rc5 32. Qxb7 Bf5+ 33. Ka1 Rc2 34. Rxe5 1-0

[Event "Vojvodina-chT"]
[Site "Kovacica"]
[Date "2019.11.03"]
[Round "4.2"]
[White "Robulj, Nenad"]
[Black "Milanovic, Stanko"]
[Result "1/2-1/2"]
[WhiteElo "2286"]
[BlackElo "2143"]
[PlyCount "38"]
[EventDate "2019.11.01"]
[EventType "team-tourn"]
[EventRounds "11"]
[EventCountry "SRB"]
[SourceTitle "CBM 192 Extra"]
[Source "Chessbase"]
[SourceDate "2019.11.06"]
[SourceVersion "1"]
[SourceVersionDate "2019.11.06"]
[SourceQuality "1"]
[WhiteTeam "Krajisnik Krajina"]
[BlackTeam "Banatsko Novo Selo"]
[WhiteTeamCountry "SRB"]
[BlackTeamCountry "SRB"]

1. e4 c5 2. c3 d5 3. exd5 Qxd5 4. d4 e6 5. Nf3 Nf6 6. Na3 a6 7. Nc4 Nbd7 8. Be2 cxd4 9. Qxd4 Qxd4 10. Nxd4 Nd5 11. Bf3 Be7 12. 0-0 0-0 13. Nf5 Bf6 14. Nfd6 b5 15. Ne3 N7b6 16. Nxd5 Nxd5 17. Bxd5 exd5 18. Nxc8 Raxc8 19. Be3 b4 1/2-1/2

[Event "Vojvodina-chT"]
[Site "Kac"]
[Date "2016.11.19"]
[Round "7.1"]
[White "Milanovic, Stanko"]
[Black "Csonka, Balazs"]
[Result "0-1"]
[WhiteElo "2150"]
[BlackElo "2398"]
[PlyCount "186"]
[EventDate "2016.11.15"]
[EventType "team-tourn"]
[EventRounds "11"]
[EventCountry "SRB"]
[SourceTitle "CBM 175 Extra"]
[Source "ChessBase"]
[SourceDate "2016.12.12"]
[SourceVersion "1"]
[SourceVersionDate "2016.12.12"]
[SourceQuality "1"]
[WhiteTeam "Bora Ivkov"]
[BlackTeam "Senta"]
[WhiteTeamCountry "SRB"]
[BlackTeamCountry "SRB"]

1. e4 c5 2. Nf3 d6 3. c3 Nf6 4. Bd3 g6 5. Bc2 Bg7 6. h3 0-0 7. d4 cxd4 8. cxd4 d5 9. exd5 Nxd5 10. 0-0 Nc6 11. Bb3 b6 12. Nc3 Nxc3 13. bxc3 Na5 14. Qe2 e6 15. Bf4 Bb7 16. Rfe1 Rc8 17. Rac1 Bd5 18. Nd2 Qd7 19. Bxd5 exd5 20. Qe7 Qxe7 21. Rxe7 Bxd4 22. Bh6 Rfd8 23. Rxa7 Bxc3 24. Nf3 d4 25. Ng5 d3 26. Ne4 Bg7 27. Rxc8 Rxc8 28. Bxg7 Kxg7 29. Rd7 Rc1+ 30. Kh2 Rc2 31. a3 Re2 32. Nc3 Rxf2 33. Rxd3 Nc4 34. Nb5 Re2 35. Kg3 Rb2 36. Nd6 b5 37. Nxc4 bxc4 38. Rd4 Rb3+ 39. Kf2 c3 40. a4 Kf6 41. a5 Ra3 42. Rc4 Ke5 43. Ke3 Kd5 44. Rc7 c2+ 45. Kd2 Rxa5 46. Rxc2 Ke6 47. Ke2 Rf5 48. Rc4 Ke7 49. Rc6 Rf6 50. Rc8 h5 51. Ra8 Rf5 52. Ra6 Kf8 53. Ke3 Rf1 54. Ke2 Rf5 55. Ke3 Kg7 56. g4 Rf1 57. gxh5 gxh5 58. Ke2 Rf5 59. Rb6 f6 60. Rb8 Kh6 61. Rb4 Kg5 62. h4+ Kg6 63. Ke3 Rf1 64. Ra4 Kf5 65. Rb4 Rg1 66. Rf4+ Kg6 67. Rf2 Rg3+ 68. Kf4 Rg4+ 69. Kf3 Rxh4 70. Rg2+ Kf5 71. Rg8 Rh3+ 72. Kg2 Rb3 73. Rh8 Kg4 74. Rg8+ Kf4 75. Rh8 Rg3+ 76. Kf2 Rg5 77. Rf8 f5 78. Ra8 Kg4 79. Ra1 h4 80. Kg2 f4 81. Ra3 Re5 82. Ra8 Re2+ 83. Kf1 Rb2 84. Kg1 Rb1+ 85. Kg2 Rb2+ 86. Kg1 h3 87. Rg8+ Kf3 88. Rf8 Rg2+ 89. Kh1 Rg7 90. Kh2 Re7 91. Ra8 Kf2 92. Kxh3 f3 93. Kg4 Kg2 0-1